Applied business and economic statistics

Αποθηκεύτηκε σε:
Λεπτομέρειες βιβλιογραφικής εγγραφής
Κύριος συγγραφέας: Chou, Ya-lun 1922-
Μορφή: Βιβλίο
Γλώσσα:English
Δημοσίευση: New York : Holt, Rinehart and Winston, 1963
Θέματα:
Ετικέτες: Προσθήκη ετικέτας
Δεν υπάρχουν, Καταχωρήστε ετικέτα πρώτοι!

MARC

LEADER 00000nam a2200000 i 4500
001 1/43448
008 961106s1963 eng d
035 |l 10025781 
040 |a GR-MY-UA  |b gre  |e aacr 
041 0 |a eng 
082 0 |a 519.502465 
100 1 |a Chou, Ya-lun  |d 1922- 
245 1 0 |a Applied business and economic statistics /  |c Ya-Lun Chou 
260 |a New York :   |b Holt, Rinehart and Winston,   |c 1963 
300 |a 634 p. 
500 |a Includes tables and index 
650 0 0 |a Statistics. 
852 |a INST  |b CHIOS  |e 19961106  |h 519.502465 CHO  |p 005200011103  |q 005200011103  |t BK  |y 0 
909 |a Χ  |b 013199